Movies Quiz

Random Movies or Actress Quiz
Score 0/25 Timer 09:00
3 Plays Today
% Correct
Titanic
96.7%
Avatar
95.9%
Forrest Gump
92.8%
Pirates of the Caribbean: At World's End
91.2%
The Sound of Music
89.8%
Life of Pi
89.5%
Ghostbusters
86.8%
300
86.7%
Transformers: Dark of the Moon
86.5%
Star Wars Episode IV: A New Hope
84.3%
Cast Away
84.1%
Man of Steel
81.9%
The Dark Knight
80.9%
% Correct
Kill Bill: Vol. 1
79.3%
The Lord of the Rings: The Two Towers
78.5%
Saving Private Ryan
78.1%
Beetlejuice
76.3%
Pulp Fiction
76.2%
Rocky
74.6%
Gone with the Wind
72.9%
Harry Potter and the Deathly Hallows, Part 1
67.1%
Armageddon
64%
The Shawshank Redemption
63.2%
The Good, the Bad and the Ugly
61.7%
Full Metal Jacket
54.4%

You're not logged in!

Compare scores with friends on all Sporcle quizzes.
OR
Log In

Sporcle TV

Today on Sporcle TV


Watch our educational content, quiz creation guides, and fun videos on Sporcle TV.

Show Comments

Extras

Top Quizzes Today


Score Distribution

Paid Content

Your Account Isn't Verified!

In order to create a playlist on Sporcle, you need to verify the email address you used during registration. Go to your Sporcle Settings to finish the process.

Report this User

Report this user for behavior that violates our Community Guidelines.

Details: